书目信息 |
| 题名: |
人生智慧羊皮卷·枕边谋略书
|
|
| 作者: | 麦冬编著 | |
| 分册: | ||
| 出版信息: | 兰州 甘肃文化出版社 2004.10 |
|
| 页数: | 246页 | |
| 开本: | 23cm | |
| 丛书名: | ||
| 单 册: | ||
| 中图分类: | B821-49 | |
| 科图分类: | ||
| 主题词: | 人生观 | |
| 电子资源: | ||
| ISBN: | 7807140224 | |
| 000 | 00685nam0 2200229 45 | |
| 001 | 012004002320 | |
| 005 | 20050523174503.83 | |
| 010 | @a7807140224@dCNY 29.00 | |
| 092 | @aCN@b安徽儒林-10-02320 | |
| 100 | @a20050328d2004 ekmy0 y0120 ea | |
| 102 | @aCN@b620000 | |
| 105 | @ay z 000yy | |
| 200 | 1 | @a人生智慧羊皮卷·枕边谋略书@f麦冬编著 |
| 210 | @a兰州@c甘肃文化出版社@d2004.10 | |
| 215 | @a246页@d23cm | |
| 330 | @a本书的内容包括:哈桑的借据;贷款1美元;司马光砸缸;孙膑教田忌赛马;老秀才和石狮;蒙哥马利看照片等。 | |
| 606 | 1 | @a人生观 |
| 690 | @aB821-49@v4 | |
| 701 | 0 | @a麦冬编著 |
| 801 | 0 | @aCN@b安徽儒林@c20050523 |
| 905 | @dB821-49@eM272 | |
| 906 | @dCNY29.00@n3@r1 | |
| 人生智慧羊皮卷·枕边谋略书/麦冬编著.-兰州:甘肃文化出版社,2004.10 |
| 246页;23cm |
| ISBN 7807140224:CNY 29.00 |
| 本书的内容包括:哈桑的借据;贷款1美元;司马光砸缸;孙膑教田忌赛马;老秀才和石狮;蒙哥马利看照片等。 |
| ● |
| 相关链接 |
|
|
|
正题名:人生智慧羊皮卷·枕边谋略书
索取号:B821-49/M272
 
预约/预借
| 序号 | 登录号 | 条形码 | 馆藏地/架位号 | 状态 | 备注 |
| 1 | 498356 | 204983562 | 社科库509/ [索取号:B821-49/M272] | 在馆 | |
| 2 | 498357 | 204983571 | 社科库509/ [索取号:B821-49/M272] | 在馆 | |
| 3 | 498358 | 204983580 | 社科库509/ [索取号:B821-49/M272] | 在馆 |